| 000 | | | 03794nmc2a22002413x 450 |
| 001 | | | 53a0e9d2-12a7-41af-bda8-0a516ed35f47 |
| 005 | | | 20210517174052.0 |
| 100 | ## | $a | 20210203l19121913k l0rusy0189 ca |
| 101 | 0# | $a | rus |
| 102 | ## | $a | RU |
| 105 | ## | $a | y### |
| 122 | 2# | $a | d |
| 200 | 1# | $a | [Переписка] по ходатайству дворянина Акима-Шан-Гирея об орошении арендуемого им казенного имения "Кир" в Эриванской губернии |
| | $j | 21 декабря 1912 г. - 10 апреля 1913 г. |
| 215 | ## | $a | 16 л. |
| | $d | 36,5х26 см |
| 251 | ## | $c | Дело |
| 300 | ## | $a | Дело |
| 371 | ## | $a | Документ не является опубликованным и широко распространяемым |
| 461 | #0 | $1 | 0017dc4d6bf-db07-4b04-a387-ff4574cb18ca |
| | $1 | 2001 |
| | $a | Переписка с начальником крымских водных изысканий, с Департаментом земледелия и с другими учреждениями о гидротехнических работах крымской изыскательной партии |
| | $1 | 251 |
| | $c | Дело |
| | $1 | 852 |
| | $j | 834 |
| 462 | #0 | $1 | 0013a02340e-e572-4ee5-9169-9b29c64f7ce0 |
| | $1 | 2001 |
| | $a | Отдел земельных улучшений Министерства земледелия |
| | $1 | 251 |
| | $c | Опись |
| | $1 | 852 |
| | $j | 2 |
| 801 | #0 | $a | RU |
| | $b | РГИА |
| | $c | 20210203 |
| | $g | RCR |
| 801 | #1 | $a | RU |
| | $b | ГлавНИВЦ |
| | $c | 20210203 |
| | $2 | rusmarc |
| 801 | #2 | $a | RU |
| | $b | ПБ им. Б.Н. Ельцина |
| | $c | 20210517 |
| | $g | RCR |
| | $2 | rusmarc |
| 850 | ## | $a | РГИА |
| 852 | ## | $a | РГИА |
| | $e | Федеральное казенное учреждение "Российский государственный исторический архив" (РГИА) |
| | $j | 814 |
| 937 | ## | $h | РГИА |
| | $d | 12359627 |
| | $a | ASBIBLIO_SCAN |
| 035 | ## | $a | RusGRCC00021571 |
| 856 | ## | $u | http://readingroom.main.prlib.ru/item.aspx?id_node=n164743936&mode=full |